| 000 | 005070000a22001930004500 | ||
|---|---|---|---|
| 001 | 002888 | ||
| 003 | MACL | ||
| 005 | 20150911163822.0 | ||
| 008 | 150911b xxu||||| |||| 00| 0 eng d | ||
| 040 |
_aMACL _cMACL |
||
| 041 | _aEnglish | ||
| 082 | _a907.2/SHA | ||
| 100 |
_aSharma, Tej Ram _910251 |
||
| 245 |
_aHistoriography A History Of Historical writing _cTej Ram Sharma |
||
| 260 |
_aNew Delhi _c2005 _bConcept Publishing Co., |
||
| 350 | _a350 | ||
| 650 |
_aEducation _910252 |
||
| 942 |
_k907 _cBK _2ddc |
||
| 999 |
_c14796 _d14796 |
||